000 00516cam a22001931i 4500
001 sa 64005253
003 DLC
005 20260227112031.0
008 830426s1963 io 000 1 ind
010 _asa 64005253
035 _a(OCoLC)9449093
040 _aDLC
_cOAU
_dDLC
042 _apremarc
050 0 0 _aPL5089.S753
_bP4
100 1 _aSuherman, Djamil,
_d1924-
245 1 0 _aPerdjalanan keachirat /
_cDjamil Suherman.
260 _aBukittinggi ;
_aDjakarta :
_bNusantara,
_c1963.
300 _a75 p. ;
_c18 cm.
999 _c59033
_d59033